000 00273nam a22001097a 4500
008 160511b xxu||||| |||| 00| 0 eng d
020 _a0690008570
041 _aeng
080 _a316.77
245 _aCurriculum: Principles and foundations:
_cRobert S. Zais;
942 _2udc
_cBK
999 _c2027
_d2027